[Event "Challenge"]
[Site "http://www.queenalice.com/game.php?id=142914"]
[Date "2006.12.18"]
[Round "-"]
[White "csegura"]
[Black "toni_fcul"]
[Result "1/2-1/2"]
[WhiteElo "1241"]
[BlackElo "900"]

1. c4 f5 2. Nc3 b6 3. d3 Bb7 4. f3 e6 5. g3 g6 6. Nh3 Nf6 7. Bg5 Qe7 8. Nb5 Kd8
9. e4 h6 10. Bf4 e5 11. Be3 Qb4+ 12. Ke2 Qxb2+ 13. Bd2 Bc5 14. Rb1 Qxa2 15. Nc3
Qa5 16. exf5 gxf5 17. Na4 Bb4 18. Rxb4 h5 19. Rb3 Qxa4 20. Rb1 Qc6 21. Qc1 d6
22. f4 Ng4 23. Ng5 Rg8 24. Ne6+ Ke7 25. Ng5 a5 26. h3 Qxh1 27. hxg4 fxg4 28. Qb2
Bg2 29. Qb5 c6 30. Qxb6 exf4 31. Qb7+ Kf6 32. Nf7 Bf3+ 33. Ke1 Ra6 34. Bc3+ Kg6
35. gxf4 Bg2 36. Rb2 Bxf1 37. Qd7 Bxd3+ 38. Kd2 Nxd7 39. Kxd3 Qf3+ 40. Kd2 Qxf4+
41. Kd3 Kxf7 42. Kc2 Qxc4 43. Rb7 Rd8 44. Rb1 Nc5 45. Rf1+ Qxf1 46. Kd2 Ne4+ 47.
Kc2 Qc4 48. Kb2 Qxc3+ 49. Kb1 Nd2+ 50. Ka2 Rb6 1/2-1/2

[Event "Challenge"]
[Site "http://www.queenalice.com/game.php?id=143323"]
[Date "2006.12.19"]
[Round "-"]
[White "castle_king"]
[Black "toni_fcul"]
[Result "0-1"]
[WhiteElo "1162"]
[BlackElo "961"]

1. Nc3 f5 2. Nf3 Nc6 3. g3 g6 4. e3 b6 5. Ng5 Nf6 6. Bb5 Bh6 7. Nf3 Nb8 8. b3 a5
9. Ne5 c6 10. Bc4 d5 11. Bd3 Qd6 12. f4 g5 13. Bxf5 Bxf5 14. d3 Nbd7 15. d4 Be4
16. Rg1 Qb4 17. Qd2 c5 18. a3 cxd4 19. axb4 dxc3 20. Qxc3 gxf4 21. Qc7 Ng4 22.
Qxd7+ Kf8 23. Nxg4 Bg7 24. Qf5+ Bxf5 25. h3 Bxa1 26. exf4 Bd4 27. Rg2 Rc8 28.
Nh6 Bxh3 29. Rh2 Be6 30. Re2 Bh3 31. Rh2 Be6 32. f5 Bd7 33. Rd2 Bc3 34. Ng4 Bxf5
35. Ne5 Bxe5 36. Rd3 Bxd3 37. Bh6+ Ke8 38. cxd3 Rc2 39. Kd1 Rh2 40. Be3 Rf8 41.
Ke1 Bxg3+ 42. Bf2 Bxf2+ 43. Ke2 Rh3 44. Kf1 Rff3 45. bxa5 bxa5 46. Ke2 Rxd3 47.
Kxf2 Rhf3+ 48. Ke2 Rh3 49. b4 Ra3 50. b5 Ra2+ 51. Kf1 Rh1# 0-1

[Event "Challenge"]
[Site "http://www.queenalice.com/game.php?id=143326"]
[Date "2006.12.19"]
[Round "-"]
[White "queiroga"]
[Black "toni_fcul"]
[Result "1-0"]
[WhiteElo "1100"]
[BlackElo "1100"]

1. e4 c5 2. Nf3 g6 3. Ne5 Bg7 4. Nd3 b6 5. Nc3 Nf6 6. Nd5 Nxd5 7. exd5 d6 8. Nf4
g5 9. Bb5+ Bd7 10. Nh5 Bf8 11. c4 Bxb5 12. cxb5 Nd7 13. O-O Ne5 14. d3 Rc8 15.
Bxg5 Rg8 16. h4 Qd7 17. f4 f6 18. Bxf6 Ng4 19. Bg5 Ne3 20. Qe2 Nxd5 21. Rae1 h6
22. Qe4 hxg5 23. Qxd5 e6 24. Rxe6+ Kd8 25. Nf6 Rg7 26. Nxd7 Kxd7 27. Rf6 Be7 28.
Qb7+ Kd8 29. Rf5 Rh7 30. hxg5 Rh3 31. Re1 Bxg5 32. Rf8# 1-0

[Event "Jony"]
[Site "http://www.queenalice.com/game.php?id=144859"]
[Date "2006.12.22"]
[Round "1"]
[White "toni_fcul"]
[Black "fromTheCoast"]
[Result "0-1"]
[WhiteElo "1047"]
[BlackElo "1216"]

1. c4 e5 2. Nf3 d6 3. e4 Bg4 4. h3 Bxf3 5. gxf3 Qh4 6. Qa4+ c6 7. b3 a6 8. Qa5
c5 9. Qb6 Qd8 10. Qxb7 Nd7 11. Nc3 Nb6 12. Qd5 Nxd5 13. cxd5 Qd7 14. Na4 g6 15.
h4 f6 16. Bh3 Qb5 17. d3 Qxd3 18. Bf1 Qxf3 19. Nb6 Qxe4+ 20. Kd1 Qxh1 21. Nxa8
Qxd5+ 22. Ke2 Qxa8 23. Ba3 Kf7 24. Rd1 h5 25. Rxd6 Bxd6 26. Kd2 Qe4 27. Bxa6
Qf4+ 28. Kc3 Qxh4 29. Bc4+ Kg7 30. b4 cxb4+ 31. Bxb4 Bxb4+ 32. Kxb4 Qxf2 33. a3
Qb6+ 34. Kc3 Qa5+ 35. Kd3 Qxa3+ 36. Ke4 h4 37. Bxg8 Rxg8 0-1

[Event "Maia"]
[Site "http://www.queenalice.com/game.php?id=149317"]
[Date "2007.1.3"]
[Round "-"]
[White "papiro"]
[Black "toni_fcul"]
[Result "1-0"]
[WhiteElo "1540"]
[BlackElo "961"]

1. e4 d6 2. d4 c5 3. d5 e6 4. dxe6 Bxe6 5. Nf3 Nf6 6. e5 dxe5 7. Nbd2 e4 8. Nh4
Bg4 9. f3 exf3 10. Nhxf3 Nd5 11. h3 Be6 12. Nc4 b5 13. Nce5 Bd6 14. Bxb5+ Kf8
15. O-O Qb6 16. Bc4 f6 17. Bxd5 Bxd5 18. Qxd5 c4+ 19. Rf2 fxe5 20. Qxa8 Bc5 21.
Nxe5+ Bxf2+ 22. Kf1 Bg3 23. Nd7+ Ke8 24. Nxb6 axb6 25. Qe4+ Kd8 26. Bg5+ Kd7 27.
Rd1+ Kc7 28. Qxc4+ Kb7 29. Qf7+ Kc6 30. Qf3+ Kb5 31. Qxg3 h6 32. Rd5+ Ka6 33.
Qa3+ Kb7 34. Rd8 Rh7 35. Qe7+ Kc6 36. Rxb8 hxg5 37. Qe4+ Kb5 38. Qxh7 1-0

[Event "Challenge"]
[Site "http://www.queenalice.com/game.php?id=154925"]
[Date "2007.1.16"]
[Round "-"]
[White "toni_fcul"]
[Black "schwam"]
[Result "0-1"]
[WhiteElo "1106"]
[BlackElo "1533"]

1. e4 e5 2. Nf3 Nc6 3. b3 d6 4. Nc3 Bg4 5. h3 Bh5 6. g4 Bg6 7. Nh4 Qxh4 8. Nd5
O-O-O 9. Qe2 Nd4 10. Qc4 Bxe4 11. Nxc7 Nxc2+ 12. Kd1 Nxa1 13. Ne6+ Bc6 14. Nxd8
Qxd8 15. Bb2 d5 16. Qe2 e4 17. Bxa1 Nf6 18. g5 Nd7 19. Qe3 Qb6 20. Bd4 Bc5 21.
Bxc5 Qxc5 22. b4 Qxe3 23. fxe3 Ne5 24. h4 Ba4+ 25. Kc1 Kd7 26. Bh3+ Kd6 27. Rf1
Be8 28. d4 Nf3 29. Kb1 Nd2+ 30. Kc1 Nc4 31. Rd1 Nxe3 32. Re1 Nf5 33. Bxf5 g6 34.
Bc8 Bc6 35. Rf1 Rxc8 36. Rxf7 Rc7 37. Rf6+ Ke7 38. Rf2 Kd6 39. Rf8 Bb5+ 40. Kd2
Rc4 41. Ra8 Rxd4+ 42. Kc3 Rc4+ 43. Kb3 a6 44. Ra7 e3 45. Rxb7 e2 46. Rb6+ Bc6
47. b5 axb5 0-1

[Event "Challenge"]
[Site "http://www.queenalice.com/game.php?id=154944"]
[Date "2007.1.16"]
[Round "-"]
[White "glauco_marcal"]
[Black "toni_fcul"]
[Result "1-0"]
[WhiteElo "1297"]
[BlackElo "1089"]

1. Nf3 e6 2. e3 Nf6 3. Bc4 b5 4. Bxb5 c6 5. Bd3 Nd5 6. e4 Nf4 7. Rg1 Na6 8. Bc4
Nc5 9. g3 Nh3 10. Rg2 d5 11. exd5 exd5 12. Be2 g6 13. g4 Ba6 14. Rg3 Nf4 15. d4
Nce6 16. Bxa6 Qa5+ 17. c3 Qxa6 18. Ne5 Be7 19. g5 h6 20. gxh6 Rxh6 21. Nf3 Bh4
22. Rg4 Nh3 23. Nxh4 g5 24. Nf5 Nef4 25. Nxh6 O-O-O 26. Qc2 1-0

[Event "Challenge"]
[Site "http://www.queenalice.com/game.php?id=157416"]
[Date "2007.1.22"]
[Round "-"]
[White "toni_fcul"]
[Black "Pollyanna"]
[Result "1-0"]
[WhiteElo "1150"]
[BlackElo "1239"]

1. e4 e5 2. Nf3 Nc6 3. Nc3 b6 4. Qe2 a6 5. Ng5 f6 6. Qh5+ g6 7. Qf3 fxg5 8. Nd5
Na5 9. b4 Nc4 10. d3 Nd6 11. Bb2 Bb7 12. Bxe5 Nf7 13. Nxc7+ Ke7 14. Qe3 Nxe5 15.
Qxb6 Rb8 16. d4 Nc6 17. b5 axb5 18. Bxb5 Nb4 19. O-O Nf6 20. Qc5+ d6 21. Qb6
Nxc2 22. Rac1 Nxd4 23. Qxd4 h5 24. e5 dxe5 25. Qxe5+ Kf7 26. Rcd1 Qc8 27. Rc1 h4
28. Na6 Bxa6 29. Rxc8 Rxc8 30. Bxa6 Re8 31. Qb5 Ne4 32. f3 Nd2 33. Qd5+ Ke7 34.
Qxd2 Bh6 35. Re1+ Kf8 36. Qb4+ Kg8 37. Rxe8+ Kf7 38. Rc8 Rxc8 39. Bxc8 Bf8 40.
Qb7+ Kg8 41. Be6+ Kh8 42. Qf7 Bc5+ 43. Kf1 Bb6 44. Qxg6 Bd4 45. Qh6# 1-0

[Event "Challenge"]
[Site "http://www.queenalice.com/game.php?id=157866"]
[Date "2007.1.23"]
[Round "-"]
[White "toni_fcul"]
[Black "tijolo_"]
[Result "1-0"]
[WhiteElo "1106"]
[BlackElo "1195"]

1. e3 h6 2. b3 g5 3. Bb2 Rh7 4. Nc3 d6 5. Bb5+ c6 6. Bf1 a5 7. f4 gxf4 8. exf4
f5 9. Qh5+ Kd7 10. Qxf5+ e6 11. Qxh7+ Ne7 12. Ne4 b6 13. Nf6+ Kc7 14. Ne2 Na6
15. Qf7 Nb4 16. c3 Nc2+ 17. Kd1 Nxa1 18. Bxa1 Kb7 19. c4 c5 20. Nc3 Kc6 21. g3
h5 22. Nxh5 Ra7 23. Bd3 Rd7 24. Qxe6 Ra7 25. Be4+ Kc7 26. Nb5+ Kb8 27. Qf6 Rd7
28. d4 a4 29. dxc5 bxc5 30. bxa4 d5 31. cxd5 c4 32. Be5+ Kb7 33. d6+ Kb6 34. Ng7
Bxg7 35. Qxg7 Ng8 36. Bd4+ Ka5 37. Qe5 Kxa4 38. Ke2 Ba6 39. Rb1 Nh6 40. Nc3+ Ka3
41. Qc5# 1-0

[Event "Challenge"]
[Site "http://www.queenalice.com/game.php?id=168709"]
[Date "2007.2.14"]
[Round "-"]
[White "csegura"]
[Black "toni_fcul"]
[Result "1-0"]
[WhiteElo "1320"]
[BlackElo "1190"]

1. d4 Nc6 2. c3 d5 3. f3 f5 4. g4 b6 5. Bf4 e6 6. h4 Be7 7. Qa4 b5 8. Qxb5 a6 9.
Qxc6+ Qd7 10. Qxa8 c6 11. Qb8 e5 12. Bxe5 fxg4 13. Bg2 gxf3 14. Bxf3 Kf7 15.
Bh5+ Kf8 16. Rh2 Nf6 17. Bf3 Ne4 18. Rg2 Bxh4+ 19. Kf1 Bg5 20. Qb4+ c5 21. Qb8
cxd4 22. cxd4 Be3 23. Rxg7 Qe6 24. Nc3 Nd2+ 25. Ke1 Nc4 26. Bxd5 Qe8 27. Rf7+
Kg8 28. Rg7+ Kf8 29. Qb4+ Nd6 30. Qxd6+ Qe7 31. Qxe7# 1-0

[Event "Rapidinho"]
[Site "http://www.queenalice.com/game.php?id=174795"]
[Date "2007.2.27"]
[Round "1"]
[White "toni_fcul"]
[Black "csegura"]
[Result "0-1"]
[WhiteElo "1170"]
[BlackElo "1340"]

1. e4 e5 2. d3 f6 3. f3 c6 4. Nc3 d5 5. b4 Bxb4 6. Bb2 Ne7 7. a3 Ba5 8. Ne2 Ng6
9. Qd2 O-O 10. a4 Qe7 11. exd5 cxd5 12. Ba3 Bb4 13. a5 d4 14. Qc1 dxc3 15. Qb1
Nc6 16. Ng3 Bxa3 17. Rxa3 Qxa3 18. Ne4 Nxa5 19. d4 exd4 20. g4 Be6 21. Ke2 Bc4+
22. Kf2 Nf4 0-1

[Event "Challenge"]
[Site "http://www.queenalice.com/game.php?id=176476"]
[Date "2007.3.3"]
[Round "-"]
[White "toni_fcul"]
[Black "lica"]
[Result "0-1"]
[WhiteElo "1134"]
[BlackElo "1336"]

1. d4 e6 2. e3 d5 3. c3 c6 4. g3 Nf6 5. Nf3 Ne4 6. Ne5 Qf6 7. f3 Ng5 8. f4 Bd6
9. fxg5 Qxg5 10. e4 Qf6 11. exd5 cxd5 12. Na3 g5 13. Nb5 Bxe5 14. dxe5 Qxe5+ 15.
Be2 Bd7 16. b3 Bc6 17. Ba3 Na6 18. Bd6 Bxb5 19. Bxe5 Rg8 20. Bxb5+ Kd8 21. Bd3
Nc5 22. Qh5 Nxd3+ 0-1